00637nam a22002177a 450000500170000001000140001702000260003103500130005703700130007008200100008310000250009324500880011825000110020626000340021727000480025130000360029950000190033565000230035470000210037770000210039820100809112513.0 aENG-98998 a9788120341227c550.00 aEN-82530 bDBAD/PUB a658.3 aMejia, Luis R. Gomezm aManaging human resources /cby Luis R. Gomez, David B. Balkin [and] Robert L. Cardy a6th ed aNew DelhibPHI Learningc2010 aM-97, Connaught Circus, bNew Delhie110001 axxviii, 654p.:c28cm (pbk)bill aIncludes index aPersonal managment aBalkin, David B. aCardy, Robert L.